[Event "Women's Baku Chess Olympiad"]
[Site "chess24.com"]
[Date "2016.09.10"]
[Round "8"]
[White "Al-khulaifi, Fatima A."]
[Black "Thornton, Filipina"]
[Result "0-1"]
[Board "2"]
[WhiteID "12100382"]
[WhiteElo "1584"]
[WhiteTitle "WFM"]
[WhiteCountry "QAT"]
[WhiteFideId "12100382"]
[WhiteEloChange "-6"]
[BlackID "5600464"]
[BlackElo "1737"]
[BlackTitle "WCM"]
[BlackCountry "MLT"]
[BlackFideId "5600464"]
[BlackEloChange "6"]

1. c4 {[%clk 1:30:56]} e5 {[%clk 1:30:47]} 2. Nc3 {[%clk 1:31:16]} Nc6 {[%clk
1:31:12]} 3. g3 {[%clk 1:31:30]} Nf6 {[%clk 1:31:34]} 4. Bg2 {[%clk 1:31:48]} Bc5
{[%clk 1:31:53]} 5. e3 {[%clk 1:31:09]} O-O {[%clk 1:32:03]} 6. Nge2 {[%clk
1:31:31]} d6 {[%clk 1:32:23]} 7. O-O {[%clk 1:31:41]} Bf5 {[%clk 1:31:34]} 8. h3
{[%clk 1:31:37]} Bd3 {[%clk 1:31:40]} 9. b3 {[%clk 1:29:39]} Qd7 {[%clk 1:30:13]}
10. Na4 {[%clk 1:25:55]} Nb4 {[%clk 1:29:07]} 11. Nxc5 {[%clk 1:25:07]} dxc5
{[%clk 1:29:27]} 12. Bb2 {[%clk 1:24:10]} Bc2 {[%clk 1:29:13]} 13. Qc1 {[%clk
1:24:03]} Bd3 {[%clk 1:25:40]} 14. Qd1 {[%clk 1:17:51]} Rfe8 {[%clk 1:23:45]} 15.
a3 {[%clk 1:16:22]} Nc6 {[%clk 1:23:42]} 16. Re1 {[%clk 0:55:09]} Rad8 {[%clk
1:20:13]} 17. Bc3 {[%clk 0:29:00]} Qf5 {[%clk 1:16:24]} 18. g4 {[%clk 0:24:30]}
Qg6 {[%clk 1:14:08]} 19. f4 {[%clk 0:15:20]} Ne4 {[%clk 1:02:39]} 20. Bxe4 {[%clk
0:04:19]} Bxe4 {[%clk 0:59:04]} 21. f5 {[%clk 0:02:29]} Qh6 {[%clk 0:58:45]} 22.
Ng3 {[%clk 0:01:55]} Bd3 {[%clk 0:58:01]} 23. Kh2 {[%clk 0:02:24]} e4 {[%clk
0:56:56]} 24. Rc1 {[%clk 0:01:05]} a6 {[%clk 0:57:25]} 25. a4 {[%clk 0:01:10]}
Qh4 {[%clk 0:54:50]} 26. Rh1 {[%clk 0:00:39]} Rd6 {[%clk 0:54:17]} 27. Qe1 {[%clk
0:00:43]} Rh6 {[%clk 0:48:59]} 28. Nh5 {[%clk 0:00:59]} Qg5 {[%clk 0:40:37]} 29.
Qg3 {[%clk 0:00:36]} Qd8 {[%clk 0:33:43]} 30. Bxg7 {[%clk 0:00:37]} Rd6 {[%clk
0:32:38]} 31. Bc3 {[%clk 0:00:38]} Be2 {[%clk 0:32:11]} 32. Qf4 {[%clk 0:00:38]}
Bf3 {[%clk 0:31:53]} 33. Rhg1 {[%clk 0:00:37]} Qh4 {[%clk 0:21:11]} 34. Qg3
{[%clk 0:00:36]} Qxg3+ {[%clk 0:18:49]} 35. Rxg3 {[%clk 0:00:57]} Ne5 {[%clk
0:15:12]} 36. Bxe5 {[%clk 0:00:40]} Rxe5 {[%clk 0:15:40]} 37. Nf4 {[%clk
0:00:36]} Rxd2+ {[%clk 0:16:00]} 38. Kg1 {[%clk 0:00:37]} c6 {[%clk 0:14:27]} 39.
Nh5 {[%clk 0:00:37]} Re7 {[%clk 0:13:18]} 40. Nf6+ {[%clk 0:31:00]} Kg7 {[%clk
0:40:48]} 41. g5 {[%clk 0:29:16]} Re5 {[%clk 0:38:49]} 42. h4 {[%clk 0:09:46]}
Rxf5 {[%clk 0:36:01]} 43. Rb1 {[%clk 0:07:55]} Rd3 {[%clk 0:32:34]} 44. Rh3
{[%clk 0:03:28]} Rxe3 {[%clk 0:32:13]} 45. Rf1 {[%clk 0:03:45]} Re2 {[%clk
0:23:36]} 46. Rh2 {[%clk 0:01:30]} Rxh2 {[%clk 0:19:07]} 47. Kxh2 {[%clk
0:01:59]} Kg6 {[%clk 0:17:02]} 48. Re1 {[%clk 0:01:14]} Re5 {[%clk 0:15:01]} 49.
Re3 {[%clk 0:01:00]} h6 {[%clk 0:13:06]} 50. gxh6 {[%clk 0:00:39]} Kxf6 {[%clk
0:13:08]} 0-1

[Event "Women's Baku Chess Olympiad"]
[Site "chess24.com"]
[Date "2016.09.10"]
[Round "8"]
[White "Psaila, Uranchimeg"]
[Black "Al-Khelaifi, Kholoud"]
[Result "1-0"]
[Board "3"]
[WhiteID "5600804"]
[WhiteElo "1483"]
[WhiteCountry "MLT"]
[WhiteFideId "5600804"]
[WhiteEloChange "10"]
[BlackID "12100145"]
[BlackElo "1492"]
[BlackCountry "QAT"]
[BlackFideId "12100145"]
[BlackEloChange "-10"]

1. d4 {[%clk 1:30:48]} d5 {[%clk 1:30:56]} 2. Nf3 {[%clk 1:30:58]} e6 {[%clk
1:31:06]} 3. Nbd2 {[%clk 1:30:29]} f5 {[%clk 1:30:34]} 4. g3 {[%clk 1:29:19]} Nf6
{[%clk 1:30:05]} 5. Bg2 {[%clk 1:29:13]} Bd6 {[%clk 1:29:56]} 6. O-O {[%clk
1:28:50]} O-O {[%clk 1:29:35]} 7. c4 {[%clk 1:28:15]} c6 {[%clk 1:29:22]} 8. b3
{[%clk 1:28:05]} Nbd7 {[%clk 1:29:23]} 9. Bb2 {[%clk 1:27:32]} Ne4 {[%clk
1:28:51]} 10. Ne5 {[%clk 1:18:13]} Nxe5 {[%clk 1:19:41]} 11. dxe5 {[%clk
1:17:45]} Bc5 {[%clk 1:18:59]} 12. e3 {[%clk 1:07:22]} Qb6 {[%clk 1:13:35]} 13.
Qe2 {[%clk 0:55:32]} Bd7 {[%clk 1:05:11]} 14. Nf3 {[%clk 0:52:39]} a5 {[%clk
0:35:35]} 15. Bd4 {[%clk 0:46:58]} Qa7 {[%clk 0:17:31]} 16. Bxc5 {[%clk 0:43:15]}
Qxc5 {[%clk 0:17:48]} 17. Rfc1 {[%clk 0:42:25]} Qe7 {[%clk 0:16:11]} 18. Qb2
{[%clk 0:36:24]} Nc5 {[%clk 0:07:32]} 19. Ne1 {[%clk 0:33:17]} Rfc8 {[%clk
0:04:54]} 20. Bf1 {[%clk 0:29:47]} Qd8 {[%clk 0:03:21]} 21. Nd3 {[%clk 0:27:16]}
Nxd3 {[%clk 0:03:10]} 22. Bxd3 {[%clk 0:27:38]} dxc4 {[%clk 0:03:29]} 23. Bxc4
{[%clk 0:27:33]} b5 {[%clk 0:03:30]} 24. Bf1 {[%clk 0:26:12]} Rab8 {[%clk
0:03:34]} 25. Rc5 {[%clk 0:20:25]} b4 {[%clk 0:02:53]} 26. Rd1 {[%clk 0:15:15]}
Qb6 {[%clk 0:02:41]} 27. Rdc1 {[%clk 0:12:38]} Rc7 {[%clk 0:02:22]} 28. Qd4
{[%clk 0:11:42]} Kf7 {[%clk 0:01:19]} 29. Qh4 {[%clk 0:08:52]} h6 {[%clk
0:00:46]} 30. Qh5+ {[%clk 0:07:35]} Kf8 {[%clk 0:01:37]} 31. f4 {[%clk 0:07:00]}
Be8 {[%clk 0:01:52]} 32. Qe2 {[%clk 0:07:00]} Rd8 {[%clk 0:01:49]} 33. Kf2 {[%clk
0:06:05]} Qa7 {[%clk 0:01:48]} 34. R1c2 {[%clk 0:04:39]} a4 {[%clk 0:00:56]} 35.
Qc4 {[%clk 0:04:37]} axb3 {[%clk 0:00:45]} 36. axb3 {[%clk 0:04:35]} Bf7 {[%clk
0:00:41]} 37. Rxc6 {[%clk 0:04:09]} Rcd7 {[%clk 0:01:04]} 38. Qxb4+ {[%clk
0:02:21]} Kg8 {[%clk 0:01:30]} 39. Rd6 {[%clk 0:01:44]} Qa8 {[%clk 0:00:40]} 40.
Rxd7 {[%clk 0:31:06]} Rxd7 {[%clk 0:31:06]} 41. Bg2 {[%clk 0:29:34]} Qa7 {[%clk
0:23:48]} 42. Qa4 {[%clk 0:21:02]} Be8 {[%clk 0:18:00]} 43. Qxa7 {[%clk 0:18:58]}
Rxa7 {[%clk 0:18:20]} 44. Bf1 {[%clk 0:18:00]} Rb7 {[%clk 0:15:00]} 45. Bc4
{[%clk 0:17:04]} Kf7 {[%clk 0:14:42]} 46. Rd2 {[%clk 0:13:57]} Ra7 {[%clk
0:10:47]} 47. h4 {[%clk 0:12:09]} h5 {[%clk 0:10:09]} 48. Rb2 {[%clk 0:12:14]}
Rb7 {[%clk 0:09:30]} 49. b4 {[%clk 0:11:37]} Ke7 {[%clk 0:09:20]} 50. b5 {[%clk
0:10:01]} Rb6 {[%clk 0:09:06]} 51. Ke2 {[%clk 0:09:48]} Kd8 {[%clk 0:08:34]} 52.
Kd3 {[%clk 0:08:20]} Kc7 {[%clk 0:08:53]} 53. Kd4 {[%clk 0:07:27]} Bc6 {[%clk
0:06:21]} 54. Kc5 {[%clk 0:04:24]} Be4 {[%clk 0:06:25]} 55. Rd2 {[%clk 0:04:29]}
g6 {[%clk 0:04:52]} 56. Rd6 {[%clk 0:04:29]} Rxd6 {[%clk 0:05:17]} 57. exd6+
{[%clk 0:04:42]} Kd7 {[%clk 0:05:40]} 58. b6 {[%clk 0:04:44]} Bf3 {[%clk
0:03:45]} 59. Ba6 {[%clk 0:04:49]} Bd5 {[%clk 0:01:42]} 60. b7 {[%clk 0:04:41]}
Bxb7 {[%clk 0:01:54]} 61. Bxb7 {[%clk 0:05:03]} Kd8 {[%clk 0:02:09]} 62. Kc6
{[%clk 0:04:40]} 1-0

[Event "Women's Baku Chess Olympiad"]
[Site "chess24.com"]
[Date "2016.09.10"]
[Round "8"]
[White "Almaha Ali Bahzad"]
[Black "Klotz, Jutta"]
[Result "1-0"]
[Board "4"]
[WhiteID "12101125"]
[WhiteElo "1244"]
[WhiteCountry "QAT"]
[WhiteFideId "12101125"]
[WhiteEloChange "16"]
[BlackID "5600723"]
[BlackElo "1490"]
[BlackCountry "MLT"]
[BlackFideId "5600723"]
[BlackEloChange "-16"]

1. d4 {[%clk 1:30:54]} e6 {[%clk 1:30:53]} 2. Nf3 {[%clk 1:31:14]} d5 {[%clk
1:31:13]} 3. c4 {[%clk 1:31:26]} Nf6 {[%clk 1:31:04]} 4. Nc3 {[%clk 1:31:43]} c5
{[%clk 1:29:45]} 5. cxd5 {[%clk 1:31:39]} Nxd5 {[%clk 1:28:27]} 6. Nxd5 {[%clk
1:30:29]} Qxd5 {[%clk 1:28:37]} 7. Bg5 {[%clk 1:28:04]} cxd4 {[%clk 1:26:29]} 8.
Qxd4 {[%clk 1:27:27]} Qxd4 {[%clk 1:25:50]} 9. Nxd4 {[%clk 1:27:42]} Bb4+ {[%clk
1:25:56]} 10. Bd2 {[%clk 1:26:19]} Bxd2+ {[%clk 1:25:30]} 11. Kxd2 {[%clk
1:26:44]} O-O {[%clk 1:25:40]} 12. Ke1 {[%clk 1:24:02]} Bd7 {[%clk 1:24:26]} 13.
Rd1 {[%clk 1:19:50]} Nc6 {[%clk 1:18:35]} 14. Nb3 {[%clk 1:16:17]} Rfd8 {[%clk
1:18:05]} 15. Nc5 {[%clk 1:16:05]} Be8 {[%clk 1:17:51]} 16. Nxb7 {[%clk 1:14:48]}
Rxd1+ {[%clk 1:18:03]} 17. Kxd1 {[%clk 1:15:02]} Nb4 {[%clk 1:16:42]} 18. a3
{[%clk 1:11:31]} Nd5 {[%clk 1:16:43]} 19. e3 {[%clk 1:09:09]} Ba4+ {[%clk
1:16:19]} 20. Ke1 {[%clk 1:07:28]} Rc8 {[%clk 1:16:05]} 21. b4 {[%clk 0:56:52]}
Rc1+ {[%clk 1:15:25]} 22. Kd2 {[%clk 0:56:59]} Rc2+ {[%clk 1:15:13]} 23. Ke1
{[%clk 0:55:39]} Ra2 {[%clk 1:13:50]} 24. Nc5 {[%clk 0:52:38]} Rxa3 {[%clk
1:12:47]} 25. Nxa4 {[%clk 0:52:37]} Rxa4 {[%clk 1:13:05]} 26. b5 {[%clk 0:52:43]}
Nb6 {[%clk 1:10:10]} 27. Kd2 {[%clk 0:50:08]} Ra2+ {[%clk 1:05:24]} 28. Ke1
{[%clk 0:50:05]} Nd5 {[%clk 1:03:34]} 29. h4 {[%clk 0:48:08]} Nc3 {[%clk
1:03:47]} 30. Rh3 {[%clk 0:45:45]} Ra1+ {[%clk 1:03:45]} 31. Kd2 {[%clk 0:46:10]}
Rxf1 {[%clk 1:00:55]} 32. Kxc3 {[%clk 0:46:30]} Rxf2 {[%clk 1:00:56]} 33. Rg3
{[%clk 0:46:47]} Rf5 {[%clk 0:54:51]} 34. Kb4 {[%clk 0:46:08]} Rd5 {[%clk
0:51:49]} 35. Ka5 {[%clk 0:45:03]} Rd6 {[%clk 0:49:39]} 36. Rg4 {[%clk 0:42:36]}
Kf8 {[%clk 0:47:54]} 37. Rc4 {[%clk 0:41:12]} Ke8 {[%clk 0:40:23]} 38. Rc7 {[%clk
0:38:34]} Rd7 {[%clk 0:39:23]} 39. Rxd7 {[%clk 0:38:32]} Kxd7 {[%clk 0:39:38]}
40. Ka6 {[%clk 1:08:54]} Kc8 {[%clk 1:05:16]} 41. Kxa7 {[%clk 1:09:10]} Kd7
{[%clk 1:02:08]} 42. b6 {[%clk 1:09:24]} Ke7 {[%clk 1:02:22]} 43. b7 {[%clk
1:09:37]} Kf6 {[%clk 1:02:29]} 44. b8Q {[%clk 1:09:51]} h6 {[%clk 1:01:50]} 45.
Qf4+ {[%clk 1:09:43]} Ke7 {[%clk 1:02:10]} 46. g4 {[%clk 1:09:23]} f6 {[%clk
1:01:29]} 47. Kb6 {[%clk 1:08:24]} Kf7 {[%clk 1:01:25]} 48. Kc6 {[%clk 1:07:55]}
e5 {[%clk 1:01:38]} 49. Qf5 {[%clk 1:08:09]} g5 {[%clk 0:59:36]} 50. hxg5 {[%clk
1:07:55]} hxg5 {[%clk 0:59:36]} 51. Kd6 {[%clk 1:08:00]} Kg7 {[%clk 0:59:22]} 1-0

[Event "Women's Baku Chess Olympiad"]
[Site "chess24.com"]
[Date "2016.09.10"]
[Round "8"]
[White "Blackman, Katrina"]
[Black "Ishizuka, Mirai"]
[Result "1/2-1/2"]
[Board "1"]
[WhiteID "11100540"]
[WhiteElo "1642"]
[WhiteTitle "WCM"]
[WhiteCountry "BAR"]
[WhiteFideId "11100540"]
[WhiteEloChange "4"]
[BlackID "7001070"]
[BlackElo "1778"]
[BlackCountry "JPN"]
[BlackFideId "7001070"]
[BlackEloChange "-4"]

1. d4 {[%clk 1:30:57]} d5 {[%clk 1:30:58]} 2. Bf4 {[%clk 1:31:20]} c5 {[%clk
1:29:19]} 3. c3 {[%clk 1:30:51]} Qb6 {[%clk 1:25:50]} 4. Qb3 {[%clk 1:30:51]} Nc6
{[%clk 1:22:03]} 5. dxc5 {[%clk 1:28:14]} Qxc5 {[%clk 1:22:06]} 6. Nf3 {[%clk
1:27:10]} Nf6 {[%clk 1:20:40]} 7. e3 {[%clk 1:26:18]} a6 {[%clk 1:12:28]} 8. Be2
{[%clk 1:22:54]} e6 {[%clk 1:09:31]} 9. h3 {[%clk 1:22:51]} Be7 {[%clk 1:09:38]}
10. Nbd2 {[%clk 1:23:14]} O-O {[%clk 1:07:14]} 11. O-O {[%clk 1:23:39]} Bd6
{[%clk 0:55:35]} 12. Bxd6 {[%clk 1:20:01]} Qxd6 {[%clk 0:56:00]} 13. Rfd1 {[%clk
1:20:25]} Qe7 {[%clk 0:51:53]} 14. c4 {[%clk 1:17:49]} Rd8 {[%clk 0:49:07]} 15.
cxd5 {[%clk 1:16:50]} exd5 {[%clk 0:48:26]} 16. Nf1 {[%clk 1:15:18]} Bf5 {[%clk
0:43:51]} 17. Nd4 {[%clk 1:12:28]} Nxd4 {[%clk 0:42:25]} 18. Rxd4 {[%clk
1:12:54]} Rac8 {[%clk 0:42:40]} 19. Bd3 {[%clk 1:09:35]} Be6 {[%clk 0:41:18]} 20.
Rd1 {[%clk 1:07:13]} Qc7 {[%clk 0:38:26]} 21. Ng3 {[%clk 1:03:09]} Nd7 {[%clk
0:38:06]} 22. Bb1 {[%clk 0:56:22]} Ne5 {[%clk 0:36:15]} 23. Qa3 {[%clk 0:49:52]}
Nc6 {[%clk 0:34:01]} 24. R4d2 {[%clk 0:46:05]} Ne5 {[%clk 0:22:35]} 25. b3 {[%clk
0:45:17]} Nc6 {[%clk 0:21:45]} 26. Qb2 {[%clk 0:44:38]} f6 {[%clk 0:17:53]} 27.
Qc2 {[%clk 0:37:37]} g6 {[%clk 0:17:13]} 28. Qb2 {[%clk 0:37:18]} Kg7 {[%clk
0:14:31]} 29. Ne2 {[%clk 0:37:22]} Ne7 {[%clk 0:14:04]} 30. Nf4 {[%clk 0:35:04]}
Bf7 {[%clk 0:14:28]} 31. Rc2 {[%clk 0:29:26]} Qa5 {[%clk 0:13:23]} 32. Rxc8
{[%clk 0:29:25]} Rxc8 {[%clk 0:13:38]} 33. Qe2 {[%clk 0:28:11]} Qc7 {[%clk
0:12:39]} 34. Qg4 {[%clk 0:25:52]} Qe5 {[%clk 0:10:10]} 35. Nd3 {[%clk 0:17:24]}
Qc7 {[%clk 0:10:01]} 36. Qb4 {[%clk 0:13:38]} Nc6 {[%clk 0:09:13]} 37. Qh4 {[%clk
0:13:03]} Qd6 {[%clk 0:07:58]} 38. Nf4 {[%clk 0:11:13]} Qe5 {[%clk 0:07:43]} 39.
Qg4 {[%clk 0:10:18]} Rd8 {[%clk 0:07:15]} 40. Qf3 {[%clk 0:39:36]} d4 {[%clk
0:36:03]} 41. Nd3 {[%clk 0:36:22]} Qg5 {[%clk 0:32:07]} 42. exd4 {[%clk 0:33:04]}
Rxd4 {[%clk 0:30:11]} 43. Ne1 {[%clk 0:33:22]} Bd5 {[%clk 0:24:07]} 44. Qe2
{[%clk 0:33:37]} Rxd1 {[%clk 0:23:25]} 45. Qxd1 {[%clk 0:34:05]} Qe5 {[%clk
0:22:41]} 46. Bd3 {[%clk 0:33:16]} Nb4 {[%clk 0:21:39]} 47. Bc4 {[%clk 0:30:07]}
Bxc4 {[%clk 0:18:44]} 48. bxc4 {[%clk 0:30:35]} Qe6 {[%clk 0:17:34]} 49. Nf3
{[%clk 0:30:13]} Qxc4 {[%clk 0:17:17]} 50. a3 {[%clk 0:29:47]} Nc6 {[%clk
0:17:22]} 51. Qd7+ {[%clk 0:29:43]} Qf7 {[%clk 0:17:40]} 52. Qd2 {[%clk 0:28:53]}
Qe7 {[%clk 0:17:32]} 53. Qb2 {[%clk 0:29:06]} b5 {[%clk 0:16:14]} 54. Qc3 {[%clk
0:27:57]} Qd6 {[%clk 0:16:13]} 55. Nd2 {[%clk 0:27:13]} Ne5 {[%clk 0:14:58]} 56.
Ne4 {[%clk 0:27:16]} Qc6 {[%clk 0:15:12]} 57. Qxc6 {[%clk 0:26:57]} Nxc6 {[%clk
0:15:32]} 58. Nc5 {[%clk 0:26:58]} a5 {[%clk 0:15:22]} 59. Kf1 {[%clk 0:27:26]}
b4 {[%clk 0:13:35]} 60. a4 {[%clk 0:27:54]} Nd4 {[%clk 0:12:56]} 61. Ke1 {[%clk
0:28:21]} Kf7 {[%clk 0:12:25]} 62. Kd2 {[%clk 0:28:49]} Ke7 {[%clk 0:10:01]} 63.
Kd3 {[%clk 0:29:15]} Nc6 {[%clk 0:09:56]} 64. Nb3 {[%clk 0:29:14]} Kd6 {[%clk
0:07:47]} 65. Ke4 {[%clk 0:29:35]} f5+ {[%clk 0:08:09]} 66. Kd3 {[%clk 0:29:12]}
Kd5 {[%clk 0:08:18]} 67. f4 {[%clk 0:29:08]} h6 {[%clk 0:06:36]} 68. h4 {[%clk
0:29:02]} Ke6 {[%clk 0:05:05]} 1/2-1/2

[Event "Women's Baku Chess Olympiad"]
[Site "chess24.com"]
[Date "2016.09.10"]
[Round "8"]
[White "Hoshino, Karen"]
[Black "Murray, Donna"]
[Result "1-0"]
[Board "2"]
[WhiteID "2137984"]
[WhiteElo "1802"]
[WhiteTitle "WCM"]
[WhiteCountry "JPN"]
[WhiteFideId "2137984"]
[WhiteEloChange "2"]
[BlackID "11102470"]
[BlackElo "1419"]
[BlackCountry "BAR"]
[BlackFideId "11102470"]
[BlackEloChange "-2"]

1. d4 {[%clk 1:30:58]} Nf6 {[%clk 1:30:50]} 2. c4 {[%clk 1:31:21]} g6 {[%clk
1:31:12]} 3. Nc3 {[%clk 1:31:45]} Bg7 {[%clk 1:31:35]} 4. e4 {[%clk 1:32:08]} d6
{[%clk 1:31:52]} 5. f3 {[%clk 1:32:30]} O-O {[%clk 1:29:55]} 6. Be3 {[%clk
1:32:55]} Nbd7 {[%clk 1:26:40]} 7. Nh3 {[%clk 1:32:51]} c5 {[%clk 1:25:18]} 8. d5
{[%clk 1:30:48]} Ne5 {[%clk 1:20:22]} 9. Nf2 {[%clk 1:30:51]} a6 {[%clk 1:19:19]}
10. Be2 {[%clk 1:28:27]} Rb8 {[%clk 1:13:17]} 11. O-O {[%clk 1:22:39]} Qe8 {[%clk
1:09:49]} 12. f4 {[%clk 1:17:34]} Ned7 {[%clk 1:09:21]} 13. Nd3 {[%clk 1:10:52]}
Nb6 {[%clk 1:05:52]} 14. Qb3 {[%clk 1:05:26]} Qd8 {[%clk 1:05:07]} 15. h3 {[%clk
1:01:19]} Bd7 {[%clk 1:04:44]} 16. g4 {[%clk 0:51:50]} Na8 {[%clk 1:00:39]} 17.
e5 {[%clk 0:48:12]} Ne8 {[%clk 0:59:22]} 18. a4 {[%clk 0:41:39]} a5 {[%clk
0:48:00]} 19. Qc2 {[%clk 0:36:00]} Nac7 {[%clk 0:47:14]} 20. Ne4 {[%clk 0:32:24]}
Na6 {[%clk 0:46:28]} 21. f5 {[%clk 0:28:53]} Nb4 {[%clk 0:45:30]} 22. Nxb4 {[%clk
0:28:16]} axb4 {[%clk 0:45:30]} 23. e6 {[%clk 0:26:07]} fxe6 {[%clk 0:37:54]} 24.
fxe6 {[%clk 0:22:38]} Bc8 {[%clk 0:37:20]} 25. Ng5 {[%clk 0:20:24]} Nf6 {[%clk
0:34:23]} 26. Nf7 {[%clk 0:18:45]} Qe8 {[%clk 0:34:02]} 27. Rf2 {[%clk 0:15:43]}
Rxf7 {[%clk 0:33:07]} 28. exf7+ {[%clk 0:16:08]} Qxf7 {[%clk 0:33:28]} 29. g5
{[%clk 0:15:41]} Bxh3 {[%clk 0:33:18]} 30. gxf6 {[%clk 0:15:27]} exf6 {[%clk
0:33:28]} 31. Bf4 {[%clk 0:13:58]} Qd7 {[%clk 0:30:41]} 32. Bf3 {[%clk 0:13:16]}
Re8 {[%clk 0:28:41]} 33. Re2 {[%clk 0:12:26]} Rd8 {[%clk 0:26:03]} 34. Rae1
{[%clk 0:11:08]} Bg4 {[%clk 0:25:35]} 35. Re7 {[%clk 0:09:17]} Qc8 {[%clk
0:25:18]} 36. Bg2 {[%clk 0:08:11]} f5 {[%clk 0:23:57]} 37. Qd2 {[%clk 0:05:23]}
Bf6 {[%clk 0:23:02]} 38. R7e6 {[%clk 0:05:07]} Bd4+ {[%clk 0:22:09]} 39. Kh1
{[%clk 0:05:07]} Qa8 {[%clk 0:16:38]} 40. Rxd6 {[%clk 0:32:02]} Rxd6 {[%clk
0:46:34]} 41. Bxd6 {[%clk 0:32:27]} Qd8 {[%clk 0:44:40]} 42. Be7 {[%clk 0:27:38]}
Qd7 {[%clk 0:41:03]} 43. Qf4 {[%clk 0:23:54]} Bxb2 {[%clk 0:34:45]} 44. Qb8+
{[%clk 0:23:19]} Kf7 {[%clk 0:34:29]} 45. Qf8# {[%clk 0:23:40]} 1-0

[Event "Women's Baku Chess Olympiad"]
[Site "chess24.com"]
[Date "2016.09.10"]
[Round "8"]
[White "Sandiford, Segan"]
[Black "Sakai, Azumi"]
[Result "0-1"]
[Board "3"]
[WhiteID "11103230"]
[WhiteElo "1226"]
[WhiteCountry "BAR"]
[WhiteFideId "11103230"]
[WhiteEloChange "-2"]
[BlackID "7001800"]
[BlackElo "1703"]
[BlackCountry "JPN"]
[BlackFideId "7001800"]
[BlackEloChange "2"]

1. c4 {[%clk 1:30:57]} f5 {[%clk 1:30:50]} 2. g3 {[%clk 1:31:17]} Nf6 {[%clk
1:31:07]} 3. Bg2 {[%clk 1:31:21]} g6 {[%clk 1:31:29]} 4. Nc3 {[%clk 1:31:28]} Bg7
{[%clk 1:31:38]} 5. Nf3 {[%clk 1:30:59]} d6 {[%clk 1:31:48]} 6. d3 {[%clk
1:28:17]} O-O {[%clk 1:31:36]} 7. O-O {[%clk 1:28:34]} e5 {[%clk 1:30:44]} 8. Nd2
{[%clk 1:23:10]} Nc6 {[%clk 1:26:24]} 9. b3 {[%clk 1:17:11]} f4 {[%clk 1:19:17]}
10. Nde4 {[%clk 1:09:34]} Nh5 {[%clk 1:11:34]} 11. Bb2 {[%clk 1:00:24]} Be6
{[%clk 1:05:52]} 12. e3 {[%clk 0:56:10]} Qd7 {[%clk 0:59:38]} 13. Ng5 {[%clk
0:45:42]} fxe3 {[%clk 0:57:03]} 14. fxe3 {[%clk 0:41:19]} Kh8 {[%clk 0:53:43]}
15. Nxe6 {[%clk 0:40:55]} Qxe6 {[%clk 0:53:34]} 16. Qd2 {[%clk 0:35:43]} Bh6
{[%clk 0:51:10]} 17. Nd5 {[%clk 0:29:55]} Qd7 {[%clk 0:49:14]} 18. Qc2 {[%clk
0:24:15]} Rac8 {[%clk 0:43:43]} 19. Rxf8+ {[%clk 0:21:57]} Rxf8 {[%clk 0:43:43]}
20. Rf1 {[%clk 0:18:48]} Rxf1+ {[%clk 0:37:31]} 21. Bxf1 {[%clk 0:18:32]} Ne7
{[%clk 0:36:51]} 22. Qe2 {[%clk 0:12:54]} Ng7 {[%clk 0:28:39]} 23. Nxe7 {[%clk
0:12:07]} Qxe7 {[%clk 0:28:44]} 24. Bg2 {[%clk 0:11:53]} c6 {[%clk 0:28:41]} 25.
g4 {[%clk 0:01:58]} Bg5 {[%clk 0:25:35]} 26. Bf3 {[%clk 0:01:15]} Ne6 {[%clk
0:24:54]} 27. d4 {[%clk 0:01:33]} Bf6 {[%clk 0:23:11]} 28. h3 {[%clk 0:01:17]}
Ng5 {[%clk 0:22:49]} 29. Bg2 {[%clk 0:01:12]} exd4 {[%clk 0:22:15]} 30. h4 {[%clk
0:01:20]} Nf7 {[%clk 0:22:09]} 31. g5 {[%clk 0:01:12]} Bg7 {[%clk 0:22:25]} 32.
Qd3 {[%clk 0:00:40]} dxe3 {[%clk 0:20:18]} 33. Bxg7+ {[%clk 0:00:48]} Kxg7 {[%clk
0:20:29]} 34. Qc3+ {[%clk 0:00:59]} Kf8 {[%clk 0:20:15]} 35. Kf1 {[%clk 0:00:46]}
Qe6 {[%clk 0:19:13]} 0-1

[Event "Women's Baku Chess Olympiad"]
[Site "chess24.com"]
[Date "2016.09.10"]
[Round "8"]
[White "Fukuya, Natsumi"]
[Black "Nurse, Lydia"]
[Result "1-0"]
[Board "4"]
[WhiteID "7002181"]
[WhiteElo "1636"]
[WhiteCountry "JPN"]
[WhiteFideId "7002181"]
[WhiteEloChange "2"]
[BlackID "11101261"]
[BlackElo "1291"]
[BlackTitle "WCM"]
[BlackCountry "BAR"]
[BlackFideId "11101261"]
[BlackEloChange "-2"]

1. e4 {[%clk 1:30:58]} e6 {[%clk 1:30:53]} 2. d4 {[%clk 1:31:23]} d5 {[%clk
1:31:03]} 3. Nc3 {[%clk 1:31:45]} dxe4 {[%clk 1:31:18]} 4. Nxe4 {[%clk 1:32:06]}
Bd7 {[%clk 1:31:35]} 5. Bd3 {[%clk 1:31:01]} Bc6 {[%clk 1:31:00]} 6. Nf3 {[%clk
1:29:46]} Nd7 {[%clk 1:31:16]} 7. O-O {[%clk 1:27:17]} Ngf6 {[%clk 1:30:49]} 8.
Qe2 {[%clk 1:25:15]} Be7 {[%clk 1:27:37]} 9. Bf4 {[%clk 1:22:05]} Nxe4 {[%clk
1:23:14]} 10. Bxe4 {[%clk 1:19:40]} Bxe4 {[%clk 1:23:22]} 11. Qxe4 {[%clk
1:19:59]} c6 {[%clk 1:23:46]} 12. Rad1 {[%clk 1:17:41]} Nf6 {[%clk 1:23:07]} 13.
Qe2 {[%clk 1:14:54]} O-O {[%clk 1:23:01]} 14. Rfe1 {[%clk 1:12:04]} Re8 {[%clk
1:19:53]} 15. h3 {[%clk 1:08:59]} a5 {[%clk 1:18:07]} 16. Ne5 {[%clk 0:53:00]}
Bd6 {[%clk 1:12:00]} 17. c4 {[%clk 0:50:50]} Bb4 {[%clk 0:50:24]} 18. Rf1 {[%clk
0:49:21]} Qb6 {[%clk 0:39:20]} 19. c5 {[%clk 0:46:18]} Qb5 {[%clk 0:36:35]} 20.
Qxb5 {[%clk 0:45:34]} cxb5 {[%clk 0:36:24]} 21. a3 {[%clk 0:45:43]} Nd5 {[%clk
0:32:38]} 22. Bg3 {[%clk 0:44:36]} f6 {[%clk 0:32:21]} 23. Nf3 {[%clk 0:42:00]}
Bxa3 {[%clk 0:31:03]} 24. bxa3 {[%clk 0:41:08]} Rac8 {[%clk 0:30:56]} 25. Rc1
{[%clk 0:36:18]} Rc6 {[%clk 0:25:49]} 26. Nd2 {[%clk 0:33:23]} e5 {[%clk
0:20:15]} 27. dxe5 {[%clk 0:32:45]} fxe5 {[%clk 0:17:39]} 28. Ne4 {[%clk
0:31:40]} b4 {[%clk 0:12:02]} 29. axb4 {[%clk 0:28:17]} Nxb4 {[%clk 0:10:33]} 30.
Ra1 {[%clk 0:22:09]} Ra6 {[%clk 0:09:37]} 31. Nd6 {[%clk 0:19:49]} Re7 {[%clk
0:08:50]} 32. Nc4 {[%clk 0:18:58]} Nc6 {[%clk 0:07:51]} 33. Rfe1 {[%clk 0:15:52]}
e4 {[%clk 0:04:02]} 34. Nd6 {[%clk 0:11:32]} Ra7 {[%clk 0:02:42]} 35. Rxe4 {[%clk
0:11:26]} Rxe4 {[%clk 0:02:48]} 36. Nxe4 {[%clk 0:11:54]} Kf8 {[%clk 0:01:56]}
37. f4 {[%clk 0:09:01]} Ke7 {[%clk 0:01:38]} 38. Nd6 {[%clk 0:07:56]} Kd7 {[%clk
0:01:17]} 39. Be1 {[%clk 0:07:07]} Kc7 {[%clk 0:00:45]} 40. Nb5+ {[%clk 0:37:25]}
Kb8 {[%clk 0:31:07]} 41. Nxa7 {[%clk 0:37:45]} Nxa7 {[%clk 0:31:32]} 42. Bxa5
{[%clk 0:38:03]} Nc6 {[%clk 0:22:15]} 43. Bb6 {[%clk 0:37:12]} Kc8 {[%clk
0:22:24]} 44. Rd1 {[%clk 0:37:20]} g6 {[%clk 0:22:01]} 45. g4 {[%clk 0:37:34]} h6
{[%clk 0:21:44]} 46. h4 {[%clk 0:37:34]} 1-0